Ley de carreteras
Descripción Física:
21, [13] p. ; 20 cm
MARC
| LEADER | 00000nam a2200000Ia 4500 | ||
|---|---|---|---|
| 001 | 14367 | ||
| 008 | 160829s1988 xx 000 0 cat d | ||
| 080 | |a FU-30-15 | ||
| 110 | 1 | |a Espanya. |t Ley 25/1988, de 29 de julio, de carreteras |9 54239 | |
| 245 | |a Ley de carreteras | ||
| 260 | |a [Madrid : |b Impr. Nacional del Boletín Oficial del Estado], |c 1988 | ||
| 300 | |a 21, [13] p. ; |c 20 cm | ||
| 490 | |a Separata / Boletín Oficial del Estado (Espanya) | ||
| 590 | |a Conté: Ley 25/1988, de 29 de julio, de Carreteras. | ||
| 590 | |a Títol extret de la coberta | ||
| 610 | 1 | 0 | |a Espanya. |t Ley 25/1988, de 29 de julio, de carreteras |9 54239 |
| 650 | |a Carreteres |x Dret i legislació |x Espanya |9 23249 | ||
| 901 | |a Arxiu | ||
| 942 | |n 1 | ||
| 952 | |0 0 |1 0 |4 0 |6 FU3015 |7 1 |9 42633 |a Arxiu |b Arxiu |d 2016-12-01 |l 0 |o FU-30-15 |p 14367 |r 2016-12-01 00:00:00 |w 2016-12-01 |y ARXIU | ||
| 999 | |c 45139 |d 45139 | ||